000 00292nam a2200121Ia 4500
008 190216s9999||||xx |||||||||||||| ||und||
100 _aDr.Arsu
245 0 _aHindi-Keral Kala Sahithya Aur Samskrithi
260 _bJawahar Pusthakalay
_c2008
300 _a159
650 _aHindi
942 _cBK
999 _c16653
_d16653